| 000 | 00698nam a22001937a 4500 | ||
|---|---|---|---|
| 003 | OSt | ||
| 005 | 20160530141951.0 | ||
| 008 | 131001t xxu||||| |||| 00| 0 eng d | ||
| 050 |
_aAS 8 _b.As811 1998 |
||
| 082 |
_aGLT 379.1155 _bAs7 1998 |
||
| 100 |
_aDede, Chris, ed. _922528 |
||
| 245 |
_aASCD yearbook 1998 : _blearning with technology / _cedited by Chris Dede. |
||
| 260 |
_aAlexandria, Va : _bAssociation for Supervision and Curriculum Development, _c1998. |
||
| 300 |
_ax, 226 p. : _bill. ; _c24 cm. |
||
| 650 |
_aSchool management and organization _xUnited States _xPeriodicals _922529 |
||
| 650 |
_aSchool Supervision _xUnited States _xPeriodicals _922530 |
||
| 942 |
_2lcc _cBK |
||
| 999 |
_c12551 _d12551 |
||